000 00443nam a2200181Ia 4500
001 12941
005 20260306163017.0
008 260306t2006||||xx |||||||||||||| ||spa||
041 _aESP
082 _aRD 463
_bR31E
110 _aReal Academia Española
245 0 _aDiccionario escencial de la lengua española
260 _c2006
300 _a1631 páginas :
_c24 cm.
650 _aGEN
654 _aCHU
942 _cDIC
_dJUS
_fJUS
_2ddc
_n
999 _c12941
_d12941